[Event "20th HZ Open 2016"]
[Site "Vlissingen NED"]
[Date "2016.08.12"]
[Round "8.7"]
[White "Koop, Thorben"]
[Black "Ikonnikov, Vyacheslav"]
[Result "0-1"]
[WhiteTitle "IM"]
[BlackTitle "GM"]
[WhiteElo "2412"]
[BlackElo "2536"]
[WhiteFideId "24661619"]
[BlackFideId "4100972"]
[EventDate "2016.08.06"]

1. d4 g6 2. e4 Bg7 3. Nc3 c6 4. Nf3 d6 5. Be2 b5 6. O-O b4 7. Nb1 a5 8. a3 Bb7
9. axb4 axb4 10. Rxa8 Bxa8 11. c3 bxc3 12. Nxc3 Nf6 13. Qa4 Nbd7 14. e5 Nb6 15.
exf6 Nxa4 16. fxg7 Rg8 17. Nxa4 Rxg7 18. Nc3 f6 19. Bh6 Rg8 20. Be3 Kf7 21. Bc4+
d5 22. Bd3 Qa5 23. Rb1 Bb7 24. Bc2 Ra8 25. h3 Bc8 26. Ba4 Bd7 27. Rc1 Qb4 28. b3
Qd6 29. Rd1 g5 30. Ne1 g4 31. hxg4 Bxg4 32. f3 Bf5 33. Nd3 Bxd3 34. Rxd3 Qg3 35.
Bf2 Qg6 36. Rd2 Qg5 37. Re2 Qc1+ 38. Be1 Rc8 39. Kf2 Qf4 40. Rd2 h5 41. Ke2 h4
42. Kd1 h3 43. gxh3 c5 44. Rd3 cxd4 45. Ne2 Qf5 46. Kd2 e5 47. f4 Rg8 48. Bc6
Qe6 49. Ba4 Rg2 50. Kd1 Qa6 51. Rd2 e4 52. Nc1 Rxd2+ 53. Kxd2 d3 54. Bf2 Qa5+
55. Kd1 Qc3 56. b4 d2 57. Ne2 Qa1+ 58. Kxd2 Qxa4 59. Bc5 Qb3 60. Nd4 Qxh3 0-1

[Event "20th HZ Open 2016"]
[Site "Vlissingen NED"]
[Date "2016.08.12"]
[Round "8.8"]
[White "Ernst, Sipke"]
[Black "Nguyen, Kevin"]
[Result "1-0"]
[WhiteTitle "GM"]
[WhiteElo "2535"]
[BlackElo "2169"]
[WhiteFideId "1004689"]
[BlackFideId "1046349"]
[EventDate "2016.08.06"]

1. d4 Nf6 2. c4 g6 3. Nc3 Bg7 4. e4 d6 5. Nf3 O-O 6. Be2 c5 7. O-O Nc6 8. d5 Na5
9. Bg5 h6 10. Bf4 Nh5 11. Bd2 e5 12. Qc1 Nf4 13. Bxf4 exf4 14. Qxf4 f5 15. Qd2
f4 16. e5 dxe5 17. Bd3 Bf5 18. Rae1 Re8 19. b3 b6 20. Qc2 Qd7 21. Re2 Nb7 22.
Rfe1 Nd6 23. Ne4 g5 24. Nxd6 Bxd3 25. Qxd3 Qxd6 26. Nd2 g4 27. Qf5 Kh8 28. Ne4
Qe7 29. Qxg4 Rg8 30. Rd1 Raf8 31. f3 1-0

[Event "20th HZ Open 2016"]
[Site "Vlissingen NED"]
[Date "2016.08.12"]
[Round "8.9"]
[White "Leenhouts, Koen"]
[Black "Yuan, Ye"]
[Result "1-0"]
[WhiteTitle "IM"]
[WhiteElo "2491"]
[BlackElo "2166"]
[WhiteFideId "1008439"]
[BlackFideId "8608415"]
[EventDate "2016.08.06"]

1. d4 Nf6 2. c4 g6 3. Nc3 d5 4. Bg5 Bg7 5. Bxf6 Bxf6 6. cxd5 c5 7. dxc5 O-O 8.
Qd2 Nd7 9. Ne4 Bg7 10. Rc1 Ne5 11. Nf3 Nxf3+ 12. exf3 f5 13. Ng3 b6 14. c6 Qd6
15. Bc4 b5 16. Bb3 a5 17. a3 h5 18. O-O Be5 19. Rce1 Bf4 20. Qd4 h4 21. Rxe7 Rf6
22. Re8+ Rf8 23. Rxf8+ Kxf8 24. Qh8+ Kf7 25. Qxh4 1-0

[Event "20th HZ Open 2016"]
[Site "Vlissingen NED"]
[Date "2016.08.12"]
[Round "8.10"]
[White "Berchtenbreiter, Maximilian"]
[Black "Hausrath, Daniel"]
[Result "1/2-1/2"]
[WhiteTitle "IM"]
[BlackTitle "GM"]
[WhiteElo "2373"]
[BlackElo "2487"]
[WhiteFideId "24641120"]
[BlackFideId "4617495"]
[EventDate "2016.08.06"]

1. e4 c5 2. c3 d6 3. d4 Nf6 4. dxc5 Nc6 5. f3 d5 6. exd5 Nxd5 7. c4 Ndb4 8. a3
Qxd1+ 9. Kxd1 Na6 10. b4 Nc7 11. Bb2 Bf5 12. Ne2 e5 13. Nd2 O-O-O 14. Ke1 Be7
15. h4 a5 16. Bc3 Nd4 17. Kf2 1/2-1/2

[Event "20th HZ Open 2016"]
[Site "Vlissingen NED"]
[Date "2016.08.12"]
[Round "8.11"]
[White "Debashis, Das"]
[Black "Warmerdam, Max"]
[Result "1/2-1/2"]
[WhiteTitle "GM"]
[BlackTitle "FM"]
[WhiteElo "2459"]
[BlackElo "2372"]
[WhiteFideId "5024854"]
[BlackFideId "1048104"]
[EventDate "2016.08.06"]

1. d4 Nf6 2. c4 g6 3. g3 Bg7 4. Bg2 O-O 5. Nf3 c5 6. O-O cxd4 7. Nxd4 Nc6 8. Nc3
Qa5 9. Nb3 Qh5 10. e4 Qxd1 11. Rxd1 d6 12. c5 dxc5 13. Nxc5 e5 14. Be3 b6 15.
Nd3 Bg4 16. Rd2 Rfd8 17. Nd5 Nxd5 18. exd5 Nd4 19. Bxd4 exd4 20. Nb4 Rd6 21. Nc6
d3 22. Rxd3 Bxb2 23. Re1 Bf6 24. Ra3 Bd7 25. Rxa7 Bxc6 26. Rxa8+ Bxa8 27. Re8+
Kg7 28. Rxa8 Bd4 29. Ra4 Bc5 30. Rc4 Rd7 31. Rc2 Kf6 32. Kf1 Ke5 33. Ke2 Ra7 34.
Kd3 Ra3+ 35. Kc4 Kd6 36. Rb2 Kd7 37. Rc2 Kd6 38. Re2 Kd7 39. Rb2 Kd6 40. h3 h5 1/2-1/2

[Event "20th HZ Open 2016"]
[Site "Vlissingen NED"]
[Date "2016.08.12"]
[Round "8.12"]
[White "Venkatesh, M.R."]
[Black "Vereggen, Lars"]
[Result "1-0"]
[WhiteTitle "GM"]
[BlackTitle "FM"]
[WhiteElo "2450"]
[BlackElo "2359"]
[WhiteFideId "5005779"]
[BlackFideId "1029258"]
[EventDate "2016.08.06"]

1. e4 e5 2. Nf3 Nc6 3. Bb5 a6 4. Ba4 Nf6 5. d3 b5 6. Bb3 Bc5 7. Nc3 d6 8. Nd5 h6
9. c3 Be6 10. O-O Bxd5 11. exd5 Ne7 12. d4 exd4 13. Nxd4 Qd7 14. Re1 O-O 15. Qf3
Bxd4 16. cxd4 Nf5 17. Be3 Rfe8 18. Rac1 Rac8 19. Bc2 Nh4 20. Qg3 Nf5 21. Qf3 Nh4
22. Qg3 Nf5 23. Qh3 Ne7 24. Qg3 Qg4 25. Qxg4 Nxg4 26. Bd2 Nf6 27. Bb3 Nfxd5 28.
Rc2 Kf8 29. Rec1 b4 30. Kf1 a5 31. a4 Red8 32. Ke2 Ke8 33. Bc4 Kd7 34. Ba6 Ra8
35. Bb5+ Kc8 36. Kd3 Kb7 37. Rc6 Rdc8 38. Ke4 Nf6+ 39. Kf3 Nxc6 40. Bxc6+ Kb6
41. d5 Rab8 42. Be3+ Ka6 43. b3 Rd8 44. Bd4 Nd7 45. Bxg7 Nc5 46. Rb1 h5 47. Bd4
Rg8 48. h3 Rg5 49. g3 Rbg8 50. Ke3 Rf5 51. Rb2 Rgg5 52. Rb1 f6 53. Bxc5 dxc5 54.
f4 Rxg3+ 55. Ke4 Rfg5 56. fxg5 fxg5 57. Kf5 Kb6 58. Bb5 Rxh3 59. Kxg5 Rh2 60.
Re1 1-0

[Event "20th HZ Open 2016"]
[Site "Vlissingen NED"]
[Date "2016.08.13"]
[Round "9.1"]
[White "Van Wely, Loek"]
[Black "Oleksiyenko, Mykhaylo"]
[Result "1/2-1/2"]
[WhiteTitle "GM"]
[BlackTitle "GM"]
[WhiteElo "2657"]
[BlackElo "2610"]
[WhiteFideId "1000268"]
[BlackFideId "4152417"]
[EventDate "2016.08.06"]

1. d4 Nf6 2. c4 g6 3. Nc3 Bg7 4. e4 d6 5. Nf3 O-O 6. Be2 e5 7. Be3 Ng4 8. Bg5 f6
9. Bh4 Nd7 10. d5 Nh6 11. Nd2 a5 12. f3 Nf7 13. Bd3 Bh6 14. Qe2 Nc5 15. Bc2 Bg5
16. Bf2 f5 17. O-O-O f4 18. a3 Bh4 19. Bg1 Bd7 20. b3 Na6 21. Kb2 c6 22. Na4 c5
23. Ka2 Rb8 24. Bd3 Kh8 25. Nf1 Bf6 26. Bf2 Rg8 27. Be1 g5 28. g4 Kg7 29. Nd2 h5
30. h3 Rh8 31. Rg1 b6 32. Nb1 hxg4 33. hxg4 Rh3 34. Nbc3 Qh8 35. Nb5 Rh2 36. Rg2
Rh1 37. Bc3 Rh3 38. Rf1 Kg6 39. Rff2 Qc8 40. Rh2 Rxh2 41. Rxh2 Qb7 42. Rh5 Rh8
43. Rxh8 Bxh8 44. Qh2 Qb8 45. Qh5+ Kf6 46. Qh7 Bg7 47. Qh1 1/2-1/2

[Event "20th HZ Open 2016"]
[Site "Vlissingen NED"]
[Date "2016.08.13"]
[Round "9.2"]
[White "Van Foreest, Jorden"]
[Black "Ernst, Sipke"]
[Result "0-1"]
[WhiteTitle "GM"]
[BlackTitle "GM"]
[WhiteElo "2601"]
[BlackElo "2535"]
[WhiteFideId "1039784"]
[BlackFideId "1004689"]
[EventDate "2016.08.06"]

1. e4 e5 2. Nf3 Nc6 3. Bc4 Bc5 4. O-O Nf6 5. d3 d6 6. c3 Bb6 7. Bb3 h6 8. Nbd2
Bg4 9. Nc4 Qd7 10. Be3 Bh5 11. d4 O-O 12. d5 Ne7 13. Bc2 Ng6 14. Bd3 Rae8 15.
Re1 Bxe3 16. Nxe3 Nf4 17. Bc2 Nh7 18. h4 Kh8 19. c4 a6 20. Kh2 Nf6 21. b4 Rg8
22. c5 Ref8 23. Ba4 Bxf3 24. Qxf3 Qxa4 25. g3 Nd3 26. Red1 Nxb4 27. cxd6 cxd6
28. Rd2 a5 29. Nf5 Na6 30. Nxd6 Qb4 0-1

[Event "20th HZ Open 2016"]
[Site "Vlissingen NED"]
[Date "2016.08.13"]
[Round "9.3"]
[White "Zeng, Chongsheng"]
[Black "Landa, Konstantin"]
[Result "1-0"]
[WhiteTitle "GM"]
[BlackTitle "GM"]
[WhiteElo "2538"]
[BlackElo "2597"]
[WhiteFideId "8603847"]
[BlackFideId "4101685"]
[EventDate "2016.08.06"]

1. d4 d5 2. c4 e6 3. Nc3 Nf6 4. Nf3 Nbd7 5. Bf4 dxc4 6. e3 b5 7. Nxb5 Bb4+ 8.
Nc3 Nd5 9. Rc1 N7b6 10. Bg3 Ba6 11. Nd2 O-O 12. Nce4 Qe7 13. a3 Ba5 14. b4 cxb3
15. Bxa6 Qxa3 16. Ra1 Qb4 17. O-O b2 18. Rb1 Na4 19. Nc4 Rab8 20. Qc2 Rfd8 21.
f3 f5 22. Be1 Nxe3 23. Nxe3 Qxd4 24. Bxa5 fxe4 25. Qxe4 1-0

[Event "20th HZ Open 2016"]
[Site "Vlissingen NED"]
[Date "2016.08.13"]
[Round "9.4"]
[White "David, Alberto"]
[Black "Leenhouts, Koen"]
[Result "1-0"]
[WhiteTitle "GM"]
[BlackTitle "IM"]
[WhiteElo "2561"]
[BlackElo "2491"]
[WhiteFideId "4000013"]
[BlackFideId "1008439"]
[EventDate "2016.08.06"]

1. e4 c5 2. Nf3 e6 3. c3 Nf6 4. e5 Nd5 5. d4 cxd4 6. cxd4 d6 7. Bc4 Be7 8. O-O
O-O 9. Bd2 dxe5 10. dxe5 b6 11. Qe2 Bb7 12. Nc3 Nd7 13. Bxd5 exd5 14. Nd4 Nc5
15. Rfd1 Qd7 16. Bf4 Rfe8 17. h3 Rac8 18. Qf3 Ne4 19. Nxe4 dxe4 20. Qg3 Red8 21.
Kh2 Bf8 22. a4 h5 23. Qg5 Qe7 24. Qxh5 g6 25. Qg4 Bg7 26. Qg3 Rd5 27. Nb5 Bxe5
28. Rxd5 Bxf4 29. Qxf4 Bxd5 30. Rd1 Bb7 31. Nd6 Rd8 32. Rd2 Bc6 33. Nxe4 Rxd2
34. Nxd2 Bxa4 35. Nf3 Bc6 36. Ne5 Bd5 37. Ng4 Be6 38. Qe5 Qc5 39. Nf6+ Kf8 40.
Qxc5+ bxc5 41. Ne4 c4 42. Kg3 Bd5 43. Nc3 Bc6 44. f3 Ke7 45. Kf4 Kd6 46. h4 f6
47. Ne4+ Ke6 48. g4 a5 49. Ke3 a4 50. Kd4 f5 51. Nc5+ Kd6 52. gxf5 gxf5 53. h5
Ke7 54. f4 Kf6 55. Kxc4 Be8 56. Kd5 Bxh5 57. Nxa4 Ke7 58. Nc5 Kd8 59. Ne6+ Kd7
60. Nd4 Bg4 61. Ke5 Kc7 62. Nxf5 Kb6 63. Ne3 Bh5 64. Kd6 Kb5 65. f5 Kb4 66. f6
Kb3 67. Nd1 1-0

[Event "20th HZ Open 2016"]
[Site "Vlissingen NED"]
[Date "2016.08.13"]
[Round "9.5"]
[White "Ikonnikov, Vyacheslav"]
[Black "Sasikiran, Krishnan"]
[Result "0-1"]
[WhiteTitle "GM"]
[BlackTitle "GM"]
[WhiteElo "2536"]
[BlackElo "2658"]
[WhiteFideId "4100972"]
[BlackFideId "5004985"]
[EventDate "2016.08.06"]

1. d4 d5 2. Nf3 Bf5 3. c4 e6 4. Nc3 Nf6 5. Bg5 c6 6. e3 Nbd7 7. cxd5 exd5 8. Bd3
Bg6 9. Ne5 Qc7 10. Nxd7 Nxd7 11. Bf4 Bd6 12. Bg3 Nf6 13. b4 O-O 14. O-O Bxg3 15.
hxg3 a6 16. Rb1 Rae8 17. a4 Re6 18. Rc1 Qe7 19. b5 axb5 20. axb5 Bxd3 21. Qxd3
Ng4 22. Qf5 h5 23. bxc6 bxc6 24. Nd1 g6 25. Qf3 Rb8 26. Rc3 Kg7 27. Qe2 Qg5 28.
f3 Nh6 29. Qf2 Nf5 30. Kh2 Rbe8 31. Rb3 Qe7 32. Kg1 Qc7 33. f4 Qe7 34. Kh2 Re4
35. Rd3 Nh6 36. Kg1 Ng4 37. Qe2 Nxe3 38. Nxe3 Rxe3 39. Rxe3 Qxe3+ 40. Qxe3 Rxe3
41. Rc1 Rxg3 42. Kf2 Rd3 43. Rxc6 Rxd4 44. g3 h4 45. gxh4 Rxf4+ 46. Kg3 Rf5 0-1

[Event "20th HZ Open 2016"]
[Site "Vlissingen NED"]
[Date "2016.08.13"]
[Round "9.6"]
[White "Perske, Thore"]
[Black "Venkatesh, M.R."]
[Result "1/2-1/2"]
[WhiteTitle "FM"]
[BlackTitle "GM"]
[WhiteElo "2377"]
[BlackElo "2450"]
[WhiteFideId "12902195"]
[BlackFideId "5005779"]
[EventDate "2016.08.06"]

1. e4 e5 2. Nf3 Nc6 3. Bc4 Nf6 4. d3 Bc5 5. c3 d6 6. a4 a5 7. O-O O-O 8. Bg5 h6
9. Bh4 g5 10. Bg3 Bg4 11. Nbd2 Nh5 12. Kh1 Nf4 13. Bxf4 gxf4 14. h3 Bh5 15. g4
Bg6 16. h4 Kh8 17. h5 Bh7 18. Qe2 Qf6 19. Rg1 Rg8 20. Rg2 Rg7 21. Rag1 Rag8 22.
Nf1 Nd8 23. N1h2 Ne6 24. Bxe6 Qxe6 25. Nh4 c6 26. Nf5 Bxf5 27. gxf5 Qf6 28. Nf3
Bb6 29. Qd1 Rxg2 30. Rxg2 Rxg2 31. Kxg2 1/2-1/2

[Event "20th HZ Open 2016"]
[Site "Vlissingen NED"]
[Date "2016.08.13"]
[Round "9.7"]
[White "Michalczak, Thomas"]
[Black "Mu, Ke"]
[Result "0-1"]
[WhiteTitle "FM"]
[WhiteElo "2234"]
[BlackElo "2419"]
[WhiteFideId "4622634"]
[BlackFideId "8602778"]
[EventDate "2016.08.06"]

1. e4 e5 2. Nf3 Nc6 3. Bb5 a6 4. Ba4 Nf6 5. O-O Be7 6. Bxc6 dxc6 7. d3 Nd7 8. a4
a5 9. b3 Bd6 10. Nbd2 O-O 11. Bb2 Re8 12. Nc4 c5 13. Qe1 b6 14. Nxd6 cxd6 15.
Nd2 Qh4 16. f4 Qxe1 17. Raxe1 exf4 18. Nc4 Re6 19. Rxf4 d5 20. Ne3 d4 21. Nc4
Ba6 22. Nd2 Ne5 23. Nf3 Ng6 24. Rf5 f6 25. Bc1 Rae8 26. Bd2 Bc8 27. h3 Ne7 28.
Rf4 Ng6 29. Rf5 Rd6 30. Rh5 Be6 31. Kf2 Bf7 32. Rf5 Ne7 33. Rf4 Re6 34. Nh2 Ng6
35. Rf3 Ne5 36. Rg3 h5 37. Nf3 Ng6 38. h4 R6e7 39. Kf1 Kh7 40. Kf2 Be6 41. Kf1
Bg4 42. Kf2 Ra8 43. Nh2 Bd7 44. Nf3 Rf8 45. Rh1 Bg4 46. Re1 f5 47. exf5 Rxf5 48.
Bg5 Rxe1 49. Kxe1 Rf8 50. Kd2 Be6 51. Bd8 Rxd8 52. Ng5+ Kh6 53. Nxe6 Re8 54. Ng5
Nxh4 55. Nf7+ Kh7 56. Ng5+ Kg8 57. Ne4 Re6 58. Rh3 Nxg2 59. Rxh5 Ne3 60. c3 Nf1+
61. Kc2 g6 62. Rg5 Ne3+ 63. Kd2 Nf5 64. Ng3 Nxg3 65. Rxg3 Kg7 66. cxd4 cxd4 67.
Rg4 Rd6 68. Ke2 Kh6 69. Kf3 Kh5 70. Kg3 g5 71. Re4 Rd5 72. Re6 Rc5 73. Rxb6 Rc3
74. Kf3 Rxd3+ 75. Ke4 Rd1 76. Rb5 Kh4 77. Rxa5 g4 78. b4 g3 79. Kf3 Rf1+ 80. Kg2
Rf2+ 81. Kg1 d3 82. Rd5 d2 83. b5 Re2 84. b6 Re1+ 0-1

[Event "20th HZ Open 2016"]
[Site "Vlissingen NED"]
[Date "2016.08.13"]
[Round "9.8"]
[White "Hausrath, Daniel"]
[Black "Hamblok, Roel"]
[Result "1-0"]
[WhiteTitle "GM"]
[BlackTitle "FM"]
[WhiteElo "2487"]
[BlackElo "2308"]
[WhiteFideId "4617495"]
[BlackFideId "209317"]
[EventDate "2016.08.06"]

1. Nf3 f5 2. g3 Nf6 3. Bg2 d6 4. d4 e6 5. O-O Be7 6. c4 O-O 7. Nc3 Ne4 8. Qd3
Nxc3 9. bxc3 Nc6 10. Ba3 Qe8 11. e4 f4 12. d5 exd5 13. exd5 Ne5 14. Nxe5 dxe5
15. c5 Qa4 16. c4 Bf5 17. Qb3 Qa5 18. d6 cxd6 19. cxd6 Bf6 20. Bxb7 Be6 21. Bxa8
Rxa8 22. Rfd1 e4 23. Bb2 Bxb2 24. Qxb2 Qf5 25. d7 Rd8 26. Qb5 Qf6 27. Rab1 f3
28. Qb8 e3 29. Qxd8+ Qxd8 30. Rb8 Qxb8 31. d8=Q+ Qxd8 32. Rxd8+ Kf7 33. fxe3 1-0

[Event "20th HZ Open 2016"]
[Site "Vlissingen NED"]
[Date "2016.08.13"]
[Round "9.9"]
[White "Breukelman, Jan"]
[Black "Stany, G.A."]
[Result "1-0"]
[WhiteTitle "FM"]
[BlackTitle "IM"]
[WhiteElo "2325"]
[BlackElo "2476"]
[WhiteFideId "1015583"]
[BlackFideId "5029104"]
[EventDate "2016.08.06"]

1. d4 Nf6 2. c4 g6 3. Nc3 d5 4. cxd5 Nxd5 5. e4 Nxc3 6. bxc3 Bg7 7. Nf3 c5 8.
Rb1 O-O 9. Be2 b6 10. O-O Bb7 11. d5 Bxc3 12. h4 Qd6 13. Ng5 h6 14. Nh3 Bg7 15.
h5 e6 16. hxg6 fxg6 17. dxe6 Qxe6 18. Nf4 Rxf4 19. Bxf4 Bxe4 20. Bf3 Bxf3 21.
Qxf3 Nc6 22. Rfe1 Qf6 23. Qd5+ Kh7 24. Be5 Rd8 25. Bxf6 Rxd5 26. Re6 Bxf6 27.
Rxc6 Be5 28. Re1 Kg7 29. f4 Bd4+ 30. Kf1 Rf5 31. Re7+ Rf7 32. Rxf7+ Kxf7 33. a4
h5 34. Ke2 c4 35. Rxc4 Bc5 36. Kf3 a5 37. Ke4 Ke6 38. Rc3 Kf6 39. Rg3 Bf2 40.
Rg5 Bc5 41. Rd5 Bb4 42. Rd8 Bc5 43. Rc8 h4 44. Rc6+ Kg7 45. Kf3 Kf7 46. Kg4 Be7
47. Rxb6 Bd8 48. Ra6 Kg7 49. Rd6 Be7 50. Rd5 1-0

[Event "20th HZ Open 2016"]
[Site "Vlissingen NED"]
[Date "2016.08.13"]
[Round "9.10"]
[White "Bezemer, Arno"]
[Black "Debashis, Das"]
[Result "0-1"]
[WhiteTitle "FM"]
[BlackTitle "GM"]
[WhiteElo "2315"]
[BlackElo "2459"]
[WhiteFideId "1001396"]
[BlackFideId "5024854"]
[EventDate "2016.08.06"]

1. e4 c5 2. Nf3 d6 3. d4 Nf6 4. Nc3 cxd4 5. Nxd4 a6 6. h3 e6 7. g4 b5 8. Bg2 Bb7
9. O-O Qc7 10. Re1 h6 11. a3 Be7 12. f4 Nc6 13. Nf3 O-O 14. g5 hxg5 15. Nxg5
Rad8 16. h4 Rfe8 17. Bf3 Bf8 18. Be3 d5 19. exd5 exd5 20. Bd2 Nd4 21. Bg2 Nf5
22. h5 Bc5+ 23. Kh2 Rxe1 24. Qxe1 Ng4+ 25. Kh3 Nge3 26. Bxe3 Nxe3 27. Qg3 Nxg2
28. Qxg2 Qxf4 29. Qg3 Qf5+ 30. Qg4 Qf6 31. Qg3 Re8 0-1

[Event "20th HZ Open 2016"]
[Site "Vlissingen NED"]
[Date "2016.08.13"]
[Round "9.11"]
[White "Wan, Yunguo"]
[Black "Lammens, Tim"]
[Result "1-0"]
[WhiteTitle "GM"]
[BlackTitle "FM"]
[WhiteElo "2458"]
[BlackElo "2305"]
[WhiteFideId "8603189"]
[BlackFideId "1008803"]
[EventDate "2016.08.06"]

1. e4 e5 2. Nf3 Nc6 3. d4 exd4 4. Nxd4 Bc5 5. Nb3 Bb4+ 6. Bd2 Bxd2+ 7. Qxd2 Nf6
8. Nc3 O-O 9. O-O-O Re8 10. f3 d6 11. g4 Be6 12. g5 Nd7 13. h4 Nc5 14. Nxc5 dxc5
15. Bb5 Qb8 16. Qe3 a6 17. Bxc6 bxc6 18. Qxc5 Qb7 19. Rd4 Reb8 20. b3 a5 21.
Rhd1 1-0

[Event "20th HZ Open 2016"]
[Site "Vlissingen NED"]
[Date "2016.08.13"]
[Round "9.12"]
[White "Warmerdam, Max"]
[Black "Admiraal, Miguoel"]
[Result "1/2-1/2"]
[WhiteTitle "FM"]
[BlackTitle "IM"]
[WhiteElo "2372"]
[BlackElo "2458"]
[WhiteFideId "1048104"]
[BlackFideId "1019716"]
[EventDate "2016.08.06"]

1. e4 Nf6 2. e5 Ng8 3. d4 d6 4. Nf3 dxe5 5. Nxe5 Nd7 6. Qf3 Nxe5 7. dxe5 c6 8.
Nc3 Qa5 9. Qe4 g6 10. Bc4 Bf5 11. Qe2 Bg7 12. f4 h5 13. Bb3 Qc7 14. Ne4 Nh6 15.
Nd6+ Kf8 16. Ne4 Rd8 17. Ng5 Bg4 18. Nf3 Nf5 19. Qf2 Bxf3 20. Qxf3 Qa5+ 21. c3
Nd4 22. Qd1 Nxb3 23. Qxb3 Bxe5 24. Be3 Bd4 25. Bxd4 Rxd4 26. O-O Rd7 27. Rad1
Qc5+ 28. Kh1 Rxd1 29. Rxd1 Qb6 30. Qxb6 axb6 31. Rd7 Kg7 32. h3 e6 33. Rxb7 b5
34. Rc7 Rd8 35. Rxc6 Rd2 36. b4 Rxa2 37. Rc5 Rc2 38. h4 Kf6 39. Kh2 Ke7 40. Kg3
Kd6 41. Kf3 Rc1 42. g3 Rc2 43. Ke4 Rc1 44. Kd4 Rd1+ 45. Ke3 Rg1 46. Rg5 Rc1 47.
Kd3 Rd1+ 48. Kc2 Rd5 49. Kb3 Kc6 50. Kc2 Rf5 51. Kd2 Rd5+ 52. Ke3 Kd6 53. Ke4
Rf5 54. Kd4 Rd5+ 55. Ke3 Rf5 56. Ke4 Rd5 57. Rxd5+ exd5+ 58. Ke3 Ke6 59. Kd3 Kd6
60. Kd4 f5 1/2-1/2